000
00223 a2200097 4500
001
5871
100
_a
Turnball
245
_a
Theory of determinants, matrices, and inveriants
260
_a
_b
Blackie
_c
090
_c
4795
_d
4795
942
_a
NUST-CAE
_c
M
_c
31150
999
_c
240944
_d
240944